000 00577nam a2200181 i 4500
001 189395
003 ES-MaACL
005 20230906223450.0
008 190529s1995 mx a |||| |dspa d
020 _a970-91170-1-7
100 1 _aHasselkus, Hans.
_9162379
245 1 0 _aMi cuaderno de notas
_b: el tablero de los 96 glifos de Palenque /
_cHans Hasselkkus M.
260 _aMéxico :
_bHans Hasselkkus 1995.
300 _a116 p. :
_bil. ;
_c22 cm.
504 _aBibliografĂ­a: p. 116.
650 4 _aEscritura maya.
_9155487
852 _aES-MaACL
_jL-32402
_z- Enc. canutillo
999 _c189395
_d189395